A Hajdú-Bihar Vármegyei Levéltár török iratai Ferḫād budai paşa levelei Debrecen és a szerb püspökök ügyében /

In this paper, I analyse the processing of two Ottoman-Turkish documents from 1589, preserved in the Hajdú-Bihar County Archive and issued by the Pasha of Buda. These documents pertain to the case of tax-collecting Serbian bishops in Debrecen. I investigate why Orthodox Serbian bishops attempted to...

Teljes leírás

Elmentve itt :
Bibliográfiai részletek
Szerző: Pokorni Mihály
Dokumentumtípus: Cikk
Megjelent: SZTE BTK Történeti Intézet Szeged 2024
Sorozat:Acta Universitatis Szegediensis : acta historica 148
Kulcsszavak:Forráskutatás - oszmán-török - 16. sz., Magyarország története - 16. sz. - forrás
Tárgyszavak:
Online Access:http://acta.bibl.u-szeged.hu/87141
LEADER 01624nab a2200229 i 4500
001 acta87141
005 20250417155623.0
008 250417s2024 hu o 000 hun d
022 |a 2676-9832 
040 |a SZTE Egyetemi Kiadványok Repozitórium  |b hun 
041 |a hun 
041 |a eng 
100 1 |a Pokorni Mihály 
245 1 2 |a A Hajdú-Bihar Vármegyei Levéltár török iratai   |h [elektronikus dokumentum] :  |b Ferḫād budai paşa levelei Debrecen és a szerb püspökök ügyében /  |c  Pokorni Mihály 
260 |a SZTE BTK Történeti Intézet  |b Szeged  |c 2024 
300 |a 187-196 
490 0 |a Acta Universitatis Szegediensis : acta historica  |v 148 
520 3 |a In this paper, I analyse the processing of two Ottoman-Turkish documents from 1589, preserved in the Hajdú-Bihar County Archive and issued by the Pasha of Buda. These documents pertain to the case of tax-collecting Serbian bishops in Debrecen. I investigate why Orthodox Serbian bishops attempted to collect taxes in the Protestant Hungarian market town of Debrecen. To address this question, I examine the structure of the Serbian Orthodox Church in Hungary and the nature of the taxes sought by the bishops from the inhabitants. Additionally, this work aims to explore problems associated with previous translations of the documents and provide new suggestions for them. 
650 4 |a Bölcsészettudományok 
650 4 |a Történettudomány és régészet 
695 |a Forráskutatás - oszmán-török - 16. sz., Magyarország története - 16. sz. - forrás 
856 4 0 |u http://acta.bibl.u-szeged.hu/87141/1/historica_148_187-196.pdf  |z Dokumentum-elérés